[Event "AUTO-ADV-544"]
[Site "http://www.queenalice.com/game.php?id=232195"]
[Date "2007.6.29"]
[Round "1"]
[White "ak_9105"]
[Black "vallef"]
[Result "1-0"]
[WhiteElo "1802"]
[BlackElo "1754"]

1. e4 e5 2. Nf3 Nc6 3. Bb5 Nf6 4. O-O Bc5 5. Nc3 O-O 6. Nxe5 Nxe5 7. d4 Bxd4 8.
Qxd4 d6 9. Bg5 Bh3 10. f4 c5 11. Qd2 Be6 12. fxe5 dxe5 13. Qxd8 Raxd8 14. Bxf6
gxf6 15. Nd5 Bxd5 16. exd5 Rxd5 17. Rxf6 Kg7 18. Raf1 e4 19. Bc4 Rd7 20. R6f4
Re7 21. Re1 f5 22. g4 fxg4 23. Rxg4+ Kh8 24. Rexe4 Rxe4 25. Rxe4 a6 26. a4 Rd8
27. Rg4 h5 28. Rf4 Rd2 29. Rf2 Rd4 30. b3 h4 31. Rf8+ Kg7 32. Rf7+ Kg6 33. Rxb7
Rd1+ 34. Bf1 Rc1 35. c4 Kg5 36. Rb6 Rb1 37. Rxa6 Rxb3 38. Ra5 Kf4 39. Rxc5 Kf3
40. a5 1-0

[Event "AUTO-ADV-544"]
[Site "http://www.queenalice.com/game.php?id=232210"]
[Date "2007.6.29"]
[Round "1"]
[White "CampbellMarcel"]
[Black "ak_9105"]
[Result "0-1"]
[WhiteElo "1155"]
[BlackElo "1759"]

1. e4 e5 2. Bc4 Nf6 3. Nc3 Nc6 4. Nf3 Bc5 5. O-O O-O 6. d3 h6 7. Nd5 d6 8. a3
Bg4 9. h3 Bh5 10. g4 Bg6 11. Nh4 Bh7 12. b4 Bb6 13. Nxb6 axb6 14. Bb2 Nxe4 15.
Ng2 Nf6 16. Re1 Re8 17. f3 d5 18. Ba2 Qd6 19. c4 Rad8 20. b5 Nd4 21. Bxd4 exd4
22. Rxe8+ Rxe8 0-1

[Event "AUTO-ADV-544"]
[Site "http://www.queenalice.com/game.php?id=232211"]
[Date "2007.6.29"]
[Round "1"]
[White "ak_9105"]
[Black "CampbellMarcel"]
[Result "1-0"]
[WhiteElo "1779"]
[BlackElo "1571"]

1. e4 c5 2. Nf3 Nc6 3. d4 cxd4 4. Nxd4 e5 5. Nb5 d6 6. c4 a6 7. N5a3 Nge7 8. Nc3
Be6 9. Be2 g6 10. O-O Bg7 11. c5 dxc5 12. Qxd8+ Rxd8 13. Na4 Nd4 14. Bf3 Nxf3+
15. gxf3 Bh3 16. Re1 Rc8 17. Be3 c4 18. Nb6 Rc6 19. Naxc4 O-O 20. Red1 Nc8 21.
b3 Nxb6 22. Bxb6 f5 23. Rd3 Rfc8 24. Rad1 Bf6 25. Rd6 Rxd6 26. Rxd6 Be7 27. Rd7
Bh4 28. Rxb7 fxe4 29. fxe4 Rf8 30. Be3 Rd8 31. Nd2 Bxf2+ 32. Kxf2 1-0

[Event "AUTO-ADV-557"]
[Site "http://www.queenalice.com/game.php?id=237755"]
[Date "2007.7.10"]
[Round "1"]
[White "ak_9105"]
[Black "SuperMouse"]
[Result "1-0"]
[WhiteElo "1761"]
[BlackElo "1815"]

1. e4 c5 2. Nf3 Nc6 3. d4 cxd4 4. Nxd4 Nf6 5. Nc3 e5 6. Ndb5 Bc5 7. Nd6+ Bxd6 8.
Qxd6 h6 9. Nb5 Qa5+ 10. Bd2 Qxd2+ 11. Qxd2 Nxe4 12. Nd6+ Nxd6 13. Qxd6 a6 14.
O-O-O b5 15. g3 f5 16. Bg2 1-0

[Event "AUTO-ADV-557"]
[Site "http://www.queenalice.com/game.php?id=237756"]
[Date "2007.7.10"]
[Round "1"]
[White "SuperMouse"]
[Black "ak_9105"]
[Result "0-1"]
[WhiteElo "1883"]
[BlackElo "1816"]

1. d4 Nf6 2. Nc3 d5 3. Nf3 Bf5 4. Bg5 h6 5. Bh4 Nbd7 6. e3 e6 7. Bb5 Be7 8. Ne5
c6 9. Be2 Nxe5 10. dxe5 Nd7 11. Bg3 O-O 12. Bg4 Bb4 13. Bxf5 exf5 14. O-O Bxc3
15. bxc3 Re8 16. Qd3 g6 17. Bf4 Kh7 18. f3 Nxe5 19. Qd4 Nc4 20. g4 fxg4 21. fxg4
Re4 22. Qd3 Qe7 23. Rf3 Kg7 24. Raf1 Re8 25. Kf2 Qh4+ 26. Rg3 Qxh2+ 27. Ke1 Qh4
28. Rf3 Rxf4 0-1

[Event "AUTO-ADV-557"]
[Site "http://www.queenalice.com/game.php?id=237757"]
[Date "2007.7.10"]
[Round "1"]
[White "ak_9105"]
[Black "lclassance"]
[Result "1-0"]
[WhiteElo "1787"]
[BlackElo "1755"]

1. e4 d5 2. exd5 Qxd5 3. Nc3 Qe5+ 4. Be2 Bg4 5. d4 Bxe2 6. Ngxe2 Qd6 7. Bf4 Qd7
8. O-O Nc6 9. Nb5 e5 10. dxe5 Nxe5 11. Qxd7+ Kxd7 12. Bxe5 Rd8 13. Rad1+ Ke7 14.
Rxd8 Kxd8 15. Rd1+ Bd6 16. Bxg7 Ne7 17. Bxh8 a6 18. Nxd6 cxd6 19. Rxd6+ Kc7 20.
Rh6 Nd5 21. Be5+ Kc8 22. Rxh7 f5 23. h4 Kd8 24. h5 Ne7 25. Rxe7 Kxe7 26. h6 1-0

[Event "AUTO-ADV-557"]
[Site "http://www.queenalice.com/game.php?id=237758"]
[Date "2007.7.10"]
[Round "1"]
[White "lclassance"]
[Black "ak_9105"]
[Result "1-0"]
[WhiteElo "1740"]
[BlackElo "1835"]

1. d3 e5 2. e4 Nc6 3. a3 Nf6 4. Be2 d5 5. exd5 Nxd5 6. Nf3 Bc5 7. O-O O-O 8. c4
Nf4 9. Bxf4 exf4 10. Nc3 Nd4 11. b4 Nxe2+ 12. Nxe2 Be7 13. Nxf4 a5 14. b5 c6 15.
bxc6 bxc6 16. Qa4 Qd6 17. g3 g5 18. Nh5 Bg4 19. c5 Qd5 20. Qxg4 f5 21. Qc4 Kh8
22. Qxd5 cxd5 23. c6 Rfc8 24. Rfc1 Ra6 25. Ne5 f4 26. gxf4 gxf4 27. Nxf4 Bf6 28.
d4 Bg5 29. Nf7+ 1-0

[Event "AUTO-ADV-544"]
[Site "http://www.queenalice.com/game.php?id=288535"]
[Date "2007.10.18"]
[Round "2"]
[White "ak_9105"]
[Black "reginaldox"]
[Result "1-0"]
[WhiteElo "1812"]
[BlackElo "1796"]

1. e4 c5 2. Nf3 Nc6 3. d4 cxd4 4. Nxd4 Nxd4 5. Qxd4 d6 6. Bc4 e5 7. Qd5 Be6 8.
Bb5+ Bd7 9. Qxb7 Nf6 10. Bxd7+ Nxd7 11. Bg5 Be7 12. Bxe7 Kxe7 13. Qd5 Re8 14.
O-O Kf8 15. f4 Nf6 16. Qd3 Qb6+ 17. Kh1 Qxb2 18. Nd2 Rad8 19. Nb3 Qa3 20. h3 Qb4
21. Rae1 exf4 22. Nd4 Nd5 23. Nc6 Qb6 24. exd5 Rxe1 25. Rxe1 Re8 26. Rxe8+ Kxe8
27. Qe4+ 1-0

[Event "AUTO-ADV-544"]
[Site "http://www.queenalice.com/game.php?id=288536"]
[Date "2007.10.18"]
[Round "2"]
[White "reginaldox"]
[Black "ak_9105"]
[Result "0-1"]
[WhiteElo "1775"]
[BlackElo "1797"]

1. b4 e5 2. Bb2 Bxb4 3. Bxe5 Nf6 4. Nf3 Nc6 5. Bb2 O-O 6. e3 d5 7. Bb5 a6 8.
Bxc6 bxc6 9. O-O Ne4 10. a3 Bd6 11. d3 Ng5 12. Nbd2 Bg4 13. h3 Nxf3+ 14. Nxf3
Bh5 15. Qe2 Qd7 16. Kh1 Rab8 17. Bc3 f5 18. Rg1 f4 19. exf4 Rxf4 20. g4 Rbf8 21.
gxh5 Qxh3+ 22. Nh2 d4 23. Bxd4 Rxd4 0-1

[Event "AUTO-ADV-736"]
[Site "http://www.queenalice.com/game.php?id=316800"]
[Date "2007.12.8"]
[Round "1"]
[White "ak_9105"]
[Black "gato"]
[Result "1-0"]
[WhiteElo "1829"]
[BlackElo "1755"]

1. e4 d6 2. d4 Nc6 3. Nf3 Bg4 4. Be3 Nf6 5. Nc3 d5 6. e5 Ne4 7. Bd3 e6 8. Nxe4
dxe4 9. Bxe4 Bxf3 10. Qxf3 Qd7 11. Rd1 g6 12. d5 Nxe5 13. Qf6 Bb4+ 14. c3 Rf8
15. Qxe5 Bd6 16. dxe6 fxe6 17. Qd4 c5 18. Qd3 O-O-O 19. Bg5 Be7 20. Bxe7 Qxe7
21. Qc2 Rxd1+ 22. Qxd1 Rd8 23. Qb3 Qd7 24. O-O Qe7 25. Rd1 Rxd1+ 26. Qxd1 Kc7
27. Qb3 b6 28. Qb5 Qd6 29. Qd3 Qxd3 30. Bxd3 Kd6 31. f4 Ke7 32. Kf2 Kf6 33. g4
h6 34. Ke3 g5 35. fxg5+ hxg5 36. Ke4 a5 37. a4 Ke7 38. Ke5 Kd7 39. Bc4 1-0

[Event "AUTO-ADV-736"]
[Site "http://www.queenalice.com/game.php?id=316801"]
[Date "2007.12.8"]
[Round "1"]
[White "gato"]
[Black "ak_9105"]
[Result "0-1"]
[WhiteElo "1769"]
[BlackElo "1815"]

1. e4 e5 2. f4 d5 3. Nf3 Nc6 4. Bb5 a6 5. Bxc6+ bxc6 6. O-O Bc5+ 7. Kh1 Bg4 8.
Qe1 Bxf3 9. Rxf3 Qe7 10. c3 Ba7 11. fxe5 Qxe5 12. d3 Nf6 13. Bf4 Qe7 14. e5 O-O
15. Rg3 Nh5 16. Rg4 Nxf4 17. Rxf4 f6 18. Nd2 fxe5 19. Rxf8+ Rxf8 20. Nf3 e4 21.
dxe4 dxe4 22. Nd4 Bxd4 23. cxd4 e3 24. Qe2 Rf2 25. Qc4+ Kf8 26. Rf1 c5 27. Qxa6
cxd4 28. Kg1 Rxf1+ 29. Qxf1+ Qf6 30. Qe2 c5 31. a4 Qb6 32. Qf3+ Qf6 33. Qa8+ Kf7
34. Qb7+ Kg6 35. Qe4+ Kh6 36. Qc2 d3 37. Qxd3 Qf2+ 38. Kh1 Qe1+ 0-1

[Event "AUTO-ADV-736"]
[Site "http://www.queenalice.com/game.php?id=316804"]
[Date "2007.12.8"]
[Round "1"]
[White "ak_9105"]
[Black "hartto"]
[Result "1-0"]
[WhiteElo "1801"]
[BlackElo "1741"]

1. e4 c5 2. Nf3 d6 3. d4 cxd4 4. Nxd4 Nf6 5. Nc3 Nc6 6. Be3 Nxd4 7. Bxd4 e5 8.
Be3 Be7 9. Be2 O-O 10. O-O h6 11. Qd2 Kh7 12. f4 Ng4 13. Bxg4 Bxg4 14. f5 Qc7
15. Nd5 Qd7 16. f6 Bd8 17. fxg7 Kxg7 18. Bxh6+ Kg8 19. Nf6+ Bxf6 20. Rxf6 Bh5
21. Qg5+ Bg6 22. Bxf8 Kxf8 23. Qxg6 1-0

[Event "AUTO-ADV-736"]
[Site "http://www.queenalice.com/game.php?id=316805"]
[Date "2007.12.8"]
[Round "1"]
[White "hartto"]
[Black "ak_9105"]
[Result "1-0"]
[WhiteElo "1740"]
[BlackElo "1820"]

1. e4 d5 2. exd5 Nf6 3. c4 c6 4. Nc3 cxd5 5. Nf3 Nc6 6. cxd5 Nxd5 7. Bb5 e6 8.
Bxc6+ bxc6 9. O-O Ba6 10. Re1 Qb6 11. Qa4 Nxc3 12. dxc3 Bd6 13. Qd4 Qc7 14. Qxg7
O-O-O 15. Qh6 Rhg8 16. g3 Bb7 17. Be3 c5 18. Nh4 Qc6 19. f3 Bxg3 20. hxg3 Rxg3+
21. Kh2 1-0

[Event "AUTO-ADV-544"]
[Site "http://www.queenalice.com/game.php?id=342340"]
[Date "2008.1.24"]
[Round "3"]
[White "ak_9105"]
[Black "Marchess"]
[Result "0-1"]
[WhiteElo "1842"]
[BlackElo "2069"]

1. e4 d5 2. exd5 Qxd5 3. Nc3 Qa5 4. d4 c6 5. Nf3 Bg4 6. h3 Bh5 7. g4 Bg6 8. Bd3
Nf6 9. Qe2 Nbd7 10. Bd2 Qc7 11. O-O-O e6 12. Rhe1 O-O-O 13. Bg5 Be7 14. Qe3 Nb6
15. Ne5 Nbd5 16. Nxd5 Nxd5 17. Qd2 Bxg5 18. Qxg5 f6 0-1